000 00344nam a2200097Ia 4500
008 220120s9999||||xx |||||||||||||| ||und||
100 _aMuralidhara Gowda, Raghavendra, Suprith and Sandesh
_912478
245 0 _aZigbee based car security system
260 _aCoorg Institute of Technology
_bPonnampet
_c2013
650 _aELECTRONICS AND COMMUNICATIONS
999 _c138065
_d138065